000 00868cam a2200277 i 4500
001 bg
003 KOSZ 005
005 20191028151743.0
008 001010s1979 pl f f |000 0 pol
020 _a8301009128
040 _cKOSZ 005/HR
_aKOSZ 005/HR
_dKOSZ 005/HR
041 0 _apl
080 _a669.017/.018
080 _a620.1
080 _a(075.8)
100 1 _aWoźniacki, Antoni.
245 1 0 _aMateriałoznawstwo /
_cAntoni Woźniacki.
260 _aWarszawa ;
_aKraków :
_bPaństwowe Wydaw. Naukowe,
_c1979.
300 _a429 s. :
_bfot., rys., wykr. ;
_c24 cm.
504 _aBibliogr. s. 425-429.
655 _aPodręczniki akademickie
650 4 _aMateriałoznawstwo
650 9 _aMetaloznawstwo
856 _uhttp://koha.tu.koszalin.pl/cgi-bin/koha/opac-detail.pl?biblionumber=32035
_yKatalog online BPK
942 _cKS
_2UKD
999 _c32035
_d32035